000 00793nam a2200229Ia 4500
005 20260601193219.0
008 260601s9999||||xx |||||||||||||| ||und||
020 _a978-981-99-7240-1
_qebk
100 _aFazilah Hassan
245 0 _aMethods and Applications for Modeling and Simulation of Complex Systems
250 _a1st ed. 2024
260 _aHeidelberg, Germany
_bSpringer Nature
_c2024
440 _aCommunications in Computer and Information Science
650 _aComputer Science
700 _aMohamad Hafis Izran Ishak
700 _aMohamed Sultan Mohamed Ali
700 _aMohd Ariffanan Mohd Basri
700 _aMohd Saiful Azimi Mahmud
700 _aNoorhazirah Sunar
856 _uhttps://link.springer.com/openurl?genre=book&isbn=978-981-99-7240-1
942 _cEB
_2ddc
999 _c55741
_d55741